000 00675nam a2200229Ia 4500
003 OSt
005 20221007072645.0
006 a|||||r|||| 00| 0
007 ta
008 221006b |||||||| |||| 00| 0 eng d
024 _a27,199
037 _cReports / Technical Reports
040 _aFLL
_cFLL
_beng
041 _2eng
_aeng
082 _aZ42,805, K4
100 _aTakeuchi Juhei
_9691138
245 0 _aPreparatory draft for the revised penal code of Japan
260 _aLondon
_bSweet & Maxwell Ltd. London
_c1964
300 _axiv,1-104p
_ccm.
942 _hZ42,805, K4
_cREP
_2CC
999 _c1146661
_d1146661